LEADER 01402nam a2200301 i 4500 001 000000155445 003 CaOOAMICUS 005 20061110000000.0 008 061110s1998 it u000 u ita u 013 $a132797 020 $a88-16-40464-7 040 $aSeMil$bita 100 1 $aPetroni, Franco.$0(OLS)http://semarc/name/60795 245 13$aLe parole di traverso :$bideologia e linguaggio nella narrativa d'avanguardia del primo Novecento /$cFranco Petroni. 260 $aMilano :$bJaca Book,$c1998. 300 $a133 p. ;$c23 cm. 490 0 $aDi fronte e attraverso ;$v464. 600 14$aSvevo, Italo <1861-1928>.$0(OLS)http://semarc/subject/6034 650 4$aSlataper, Scipio.$0(OLS)http://semarc/subject/8721 650 4$aTozzi, Federigo.$0(OLS)http://semarc/subject/11368 650 4$aLetteratura italiana - Narrativa - Sec. 20.$0(OLS)http://semarc/subject/55429 830 0$aDi fronte e attraverso ;$v464.$0(OLS)http://semarc/title/6486 850 $aSeMil 852 $aSeMil$W1$xVenegono$y1$m1O IV 215$j107277$B107277$CSeMilBibl$Z2$F116653 $81 961 $aRecupero: Seminario di Seveso 996 $6020$a88-16-40464-7$9(OLS)http://semarc/number/145465 996 $6245$aLe parole di traverso :$bideologia e linguaggio nella narrativa d'avanguardia del primo Novecento$9(OLS)http://semarc/title/227640 996 $6260$aMilano :$bJaca Book$9(OLS)http://semarc/publisher/29781 LEADER 01214nam a2200265 i 4500 001 000000152759 003 CaOOAMICUS 005 20060831000000.0 008 060831s1990 it u000 u ita u 013 $a130100 020 $a88-399-1568-0 040 $aSeMil$bita 100 1 $aMontagnini, Felice,$d<1923- >.$0(OLS)http://semarc/name/34 245 10$aIsaia 1-39 :$bl'occhio del profeta sugli eventi della storia /$cFelice Montagnini. 260 $aBrescia :$bQueriniana,$c1990. 300 $a134 p. ;$c21 cm. 490 0 $aLeggere oggi la Bibbia ;$v1.18 650 4$aBibbia. Antico Testamento. Isaia - Commentari, studi, critica, interpretazioni.$0(OLS)http://semarc/subject/111 650 4$aBibbia. Antico Testamento. Isaia, 1-39.$0(OLS)http://semarc/subject/29815 830 0$aLeggere oggi la Bibbia ;$v1.18.$0(OLS)http://semarc/title/15 850 $aSeMil 852 $aSeMil$W1$xVenegono$y1$m2W VII 38$j104705$B104705$CSeMilBibl$Z2$F113846 $81 996 $6020$a88-399-1568-0$9(OLS)http://semarc/number/142481 996 $6245$aIsaia 1-39 :$bl'occhio del profeta sugli eventi della storia$9(OLS)http://semarc/title/223362 996 $6260$aBrescia :$bQueriniana$9(OLS)http://semarc/publisher/29615